Les départements sans .... ou avec... (3) - Statistiques

Statistiques générales
  • Ce quiz a été pris 53 fois
  • Le résultat moyen est 68 sur 84
Statistiques - réponses
Hint Réponse % Correct
Ne commence pas par C mais avec au moins un C Ardèche
94%
Ne commence pas par D mais avec au moins un D Ardèche
94%
Ne commence pas par D mais avec au moins un D Côtes-d'Armor
94%
Ne commence pas par M mais avec au moins un M Côtes-d'Armor
94%
Avec la lettre G Gironde
94%
Ne commence pas par D mais avec au moins un D Gironde
94%
Ne commence pas par L mais avec au moins un L Allier
92%
Ne commence pas par D mais avec au moins un D Corse-du-Sud
92%
Ne commence pas par D mais avec au moins un D Indre
92%
Ne commence pas par D mais avec au moins un D Indre-et-Loire
92%
Ne commence pas par L mais avec au moins un L Indre-et-Loire
92%
Ne commence pas par C mais avec au moins un C Alpes-de-Haute-Provence
90%
Ne commence pas par D mais avec au moins un D Alpes-de-Haute-Provence
90%
Ne commence pas par L mais avec au moins un L Alpes-de-Haute-Provence
90%
Ne commence pas par D mais avec au moins un D Ardennes
90%
Ne commence pas par D mais avec au moins un D Aude
90%
Avec la lettre G Haute-Garonne
90%
Ne commence pas par L mais avec au moins un L Alpes-Maritimes
88%
Ne commence pas par M mais avec au moins un M Alpes-Maritimes
88%
Ne commence pas par C mais avec au moins un C Bouches-du-Rhône
88%
Ne commence pas par D mais avec au moins un D Bouches-du-Rhône
88%
Ne commence pas par D mais avec au moins un D Calvados
88%
Ne commence pas par L mais avec au moins un L Calvados
88%
Ne commence pas par D mais avec au moins un D Côte-d'Or
88%
Avec la lettre G Dordogne
88%
Avec la lettre G Gard
88%
Ne commence pas par D mais avec au moins un D Gard
88%
Ne commence pas par L mais avec au moins un L Ille-et-Vilaine
88%
Ne commence pas par L mais avec au moins un L Moselle
88%
Ne commence pas par D mais avec au moins un D Val-de-Marne
86%
Ne commence pas par L mais avec au moins un L Val-de-Marne
86%
Ne commence pas par M mais avec au moins un M Val-de-Marne
86%
Ne commence pas par M mais avec au moins un M Charente-Maritime
84%
Avec la lettre G Gers
84%
Avec la lettre G Guadeloupe
84%
Ne commence pas par D mais avec au moins un D Guadeloupe
84%
Ne commence pas par L mais avec au moins un L Guadeloupe
84%
Ne commence pas par L mais avec au moins un L Hérault
84%
Ne commence pas par D mais avec au moins un D Puy-de-Dôme
84%
Ne commence pas par M mais avec au moins un M Puy-de-Dôme
84%
Ne commence pas par B mais avec au moins un B Aube
82%
Ne commence pas par L mais avec au moins un L Eure-et-Loir
82%
Ne commence pas par L mais avec au moins un L Hautes-Alpes
82%
Ne commence pas par D mais avec au moins un D Landes
82%
Ne commence pas par D mais avec au moins un D Nord
82%
Ne commence pas par D mais avec au moins un D Val-d'Oise
82%
Ne commence pas par L mais avec au moins un L Val-d'Oise
82%
Ne commence pas par L mais avec au moins un L Cantal
80%
Ne commence pas par L mais avec au moins un L Pyrénées-Atlantiques
80%
Ne commence pas par L mais avec au moins un L Yvelines
80%
Avec la lettre G Ariège
78%
Ne commence pas par B mais avec au moins un B Doubs
78%
Ne commence pas par C mais avec au moins un C Haute-Corse
78%
Avec la lettre G Lot-et-Garonne
78%
Avec la lettre Z Lozère
78%
Ne commence pas par C mais avec au moins un C Pas-de-Calais
78%
Ne commence pas par D mais avec au moins un D Pas-de-Calais
78%
Ne commence pas par L mais avec au moins un L Pas-de-Calais
78%
Ne commence pas par D mais avec au moins un D Seine-Saint-Denis
78%
Ne commence pas par C mais avec au moins un C Vaucluse
78%
Ne commence pas par L mais avec au moins un L Vaucluse
78%
Ne commence pas par M mais avec au moins un M Drôme
76%
Ne commence pas par B mais avec au moins un B Morbihan
76%
Avec la lettre G Tarn-et-Garonne
76%
Avec la lettre Z Corrèze
73%
Ne commence pas par L mais avec au moins un L Maine-et-Loire
73%
Ne commence pas par L mais avec au moins un L Pyrénées-Orientales
73%
Ne commence pas par M mais avec au moins un M Seine-et-Marne
73%
Ne commence pas par M mais avec au moins un M Seine-Maritime
73%
Ne commence pas par B mais avec au moins un B Territoire de Belfort
73%
Ne commence pas par D mais avec au moins un D Territoire de Belfort
73%
Ne commence pas par L mais avec au moins un L Territoire de Belfort
73%
Ne commence pas par D mais avec au moins un D Vendée
73%
Avec la lettre G Guyane
71%
Ne commence pas par C mais avec au moins un C Manche
71%
Ne commence pas par L mais avec au moins un L Saône-et-Loire
71%
Ne commence pas par L mais avec au moins un L Haute-Loire
69%
Ne commence pas par C mais avec au moins un C Loir-et-Cher
69%
Ne commence pas par D mais avec au moins un D Hauts-de-Seine
67%
Ne commence pas par M mais avec au moins un M Somme
67%
Avec la lettre G Vosges
67%
Ne commence pas par M mais avec au moins un M Haute-Marne
63%
Ne commence pas par D mais avec au moins un D Deux-Sèvres
53%
Ne commence pas par L mais avec au moins un L La Réunion
51%
Aucun quiz correspondant
Distribution des résultats
% des personnes avec chaque résultat
Percentile par nombre de réponses
Votre historique - résultats
Vous n’avez pas pris ce quiz